[Event "TUR-ch Seniors 65"]
[Site "Ankara"]
[Date "2023.05.24"]
[Round "6"]
[White "Bapoglu, Ibrahim"]
[Black "Samli, Ibrahim"]
[Result "0-1"]
[WhiteElo "1433"]
[BlackElo "1570"]
[PlyCount "118"]
[EventDate "2023.05.19"]
[EventType "swiss"]
[EventRounds "9"]
[EventCountry "TUR"]
[SourceTitle "CBM 214 Extra"]
[Source "ChessBase"]
[SourceDate "2023.07.31"]
[SourceVersion "1"]
[SourceVersionDate "2023.07.31"]
[SourceQuality "1"]

1. Nf3 f5 2. b3 e6 3. Bb2 d5 4. e3 Nf6 5. Be2 Bd6 6. Nc3 c6 7. d3 0-0 8. g3 Nbd7 9. h4 Ne5 10. Nxe5 Bxe5 11. f4 Bd6 12. Bf3 Bc5 13. d4 Bb4 14. Qe2 Qa5 15. Qd2 Bd7 16. a3 Bd6 17. b4 Qc7 18. Kf2 h5 19. Ne2 Be8 20. Rac1 b5 21. Ra1 Bg6 22. Nc1 Ne4+ 23. Bxe4 fxe4 24. Kg2 Bf5 25. Ne2 Bg4 26. Rhf1 Qf7 27. Ng1 Qf5 28. Rf2 Rf7 29. Kh2 Raf8 30. Raf1 Be7 31. Rg2 g5 32. hxg5 Bxg5 33. Qf2 Be7 34. c3 Rh7 35. Ne2 Kf7 36. Kg1 Rg8 37. Ra1 Bf3 38. Rh2 h4 39. a4 Rhg7 40. axb5 hxg3 41. Nxg3 Rxg3+ 42. Kf1 cxb5 43. Rxa7 Qg6 44. Ke1 Rg2 45. Qh4 Qg3+ 46. Qxg3 R2xg3 47. Rh7+ R3g7 48. Rh2 Rg1+ 49. Kd2 R8g2+ 50. Rxg2 Rxg2+ 51. Kc1 Be2 52. Kb1 Bd3+ 53. Ka2 Re2 54. Ka3 Rxe3 55. f5 exf5 56. Bc1 Rg3 57. Bf4 Rg6 58. Rd7 Bc4 59. Bc7 Ke8 0-1

[Event "TUR Cup"]
[Site "Adapazari"]
[Date "2022.04.01"]
[Round "11"]
[White "Colak, Mehmet"]
[Black "Bapoglu, Ibrahim"]
[Result "0-1"]
[WhiteElo "1389"]
[BlackElo "1509"]
[PlyCount "76"]
[EventDate "2022.03.25"]
[EventType "swiss"]
[EventRounds "11"]
[EventCountry "TUR"]
[SourceTitle "EXT 2023"]
[Source "ChessBase"]
[SourceDate "2022.10.05"]
[SourceVersion "1"]
[SourceVersionDate "2022.10.05"]
[SourceQuality "1"]

1. e4 g6 2. d4 Bg7 3. Nf3 d6 4. Be3 Nf6 5. Nc3 0-0 6. h3 Nbd7 7. Qd2 Re8 8. Bc4 Nb6 9. Bb3 e6 10. g4 c6 11. Bg5 Qc7 12. 0-0-0 a5 13. a3 d5 14. e5 Nfd7 15. Nh4 Nf8 16. Bf6 Nbd7 17. Bxg7 Kxg7 18. f4 b5 19. Ne2 Nb6 20. Qd3 b4 21. a4 Ba6 22. Qf3 Qe7 23. Ng2 Bc4 24. f5 exf5 25. gxf5 Bxe2 26. f6+ Kg8 27. Qf4 Ne6 28. Qh6 Qf8 29. Qe3 Bxd1 30. Kxd1 Nc4 31. Bxc4 dxc4 32. h4 Nxd4 33. h5 Nf5 34. Qf4 Rad8+ 35. Kc1 Rd4 36. Qg5 h6 37. hxg6 hxg5 38. Rh7 fxg6 0-1

[Event "Ankara Baskent Univ op-B 3rd"]
[Site "Ankara"]
[Date "2018.08.29"]
[Round "4"]
[White "Atabay, Kagan"]
[Black "Bapoglu, Ibrahim"]
[Result "1/2-1/2"]
[WhiteElo "1513"]
[BlackElo "1602"]
[PlyCount "117"]
[EventDate "2018.08.27"]
[EventType "swiss"]
[EventRounds "9"]
[EventCountry "TUR"]
[SourceTitle "EXT 2021"]
[Source "ChessBase"]
[SourceDate "2020.10.23"]
[SourceVersion "1"]
[SourceVersionDate "2020.10.23"]
[SourceQuality "1"]

1. e4 d6 2. f4 Nf6 3. Nc3 g6 4. Nf3 Bg7 5. Bc4 e6 6. 0-0 0-0 7. d3 c6 8. a3 d5 9. Bb3 dxe4 10. Nxe4 Nxe4 11. dxe4 Qb6+ 12. Kh1 Nd7 13. Qe2 a5 14. Be3 Qa6 15. Qxa6 Rxa6 16. c3 a4 17. Bc2 Ra5 18. Bd4 e5 19. fxe5 Nxe5 20. b4 axb3 21. Bxb3 Nxf3 22. Rxf3 Bg4 23. Rf4 Be6 24. Bxe6 fxe6 25. Rf3 Bxd4 26. cxd4 Rxf3 27. gxf3 Ra4 28. Rb1 Rxa3 29. Rxb7 Rxf3 30. Re7 Rd3 31. Rxe6 Rxd4 32. Rxc6 Rxe4 33. Rc7 Re2 34. Ra7 Rf2 35. Kg1 Rf7 36. Rxf7 Kxf7 37. Kg2 Kf6 38. Kg3 Kg5 39. Kg2 Kf4 40. Kf2 h5 41. Kg2 g5 42. Kf2 g4 43. Kg2 h4 44. Kf2 Ke4 45. Kg2 Ke3 46. Kh1 Kd2 47. Kg2 Ke2 48. Kh1 Kd3 49. Kg2 Ke4 50. Kh1 Kf5 51. Kg2 Kf4 52. Kh1 Kf3 53. Kg1 g3 54. hxg3 hxg3 55. Kf1 Kf4 56. Kg2 Kg4 57. Kg1 Kg5 58. Kg2 Kh4 59. Kg1 1/2-1/2

[Event "Manavgat Turkey Cup"]
[Site "Manavgat"]
[Date "2016.02.04"]
[Round "9"]
[White "Bapoglu, Ibrahim"]
[Black "Sural, Ceren"]
[Result "1-0"]
[WhiteElo "1633"]
[BlackElo "1407"]
[PlyCount "135"]
[EventDate "2016.01.30"]
[EventType "swiss"]
[EventRounds "11"]
[EventCountry "TUR"]
[SourceTitle "CBM 170 Extra"]
[Source "ChessBase"]
[SourceDate "2016.02.25"]
[SourceVersion "1"]
[SourceVersionDate "2016.02.25"]
[SourceQuality "1"]

1. b3 e5 2. e4 Nf6 3. d3 Bb4+ 4. Bd2 Bc5 5. Be2 Nc6 6. c3 a5 7. a4 d6 8. Nf3 h6 9. 0-0 0-0 10. Be1 Bg4 11. Nbd2 Nh5 12. Nc4 Nf4 13. Ne3 Be6 14. Rb1 Qf6 15. Kh1 Kh7 16. Ng1 Qg6 17. Bf3 Rh8 18. g3 Nh3 19. Nxh3 Bxh3 20. Bg4 Bxg4 21. Qxg4 Qxg4 22. Nxg4 h5 23. Ne3 Ne7 24. h4 Rag8 25. Nf5 Nxf5 26. exf5 g5 27. fxg6+ Rxg6 28. f4 Rf6 29. Bd2 exf4 30. d4 Bb6 31. Bxf4 Re8 32. Rbe1 Rfe6 33. Bd2 Kg6 34. Kg2 Rxe1 35. Rxe1 Rxe1 36. Bxe1 Kf5 37. Kf3 d5 38. Bd2 c6 39. Bf4 Bd8 40. Bd6 b5 41. Bc5 Bc7 42. Be7 Bb6 43. Bd6 Bd8 44. Ke3 Kg4 45. Kd3 Kf3 46. c4 b4 47. c5 Kg4 48. Ke3 f6 49. Bb8 Kf5 50. Ba7 Bc7 51. Kf3 Ke6 52. Bb6 Bb8 53. Bxa5 Kd7 54. Bxb4 f5 55. Bd2 Kc8 56. Bf4 Ba7 57. Be5 Kd7 58. Kf4 Ke6 59. Kg5 Bxc5 60. Kxh5 Bb4 61. Kg6 c5 62. h5 cxd4 63. Bxd4 Be1 64. h6 Bxg3 65. h7 f4 66. h8Q f3 67. Qf6+ Kd7 68. Qxf3 1-0

[Event "Manavgat Turkey Cup"]
[Site "Manavgat"]
[Date "2016.02.01"]
[Round "4"]
[White "Acarbay, Aydin"]
[Black "Bapoglu, Ibrahim"]
[Result "1-0"]
[WhiteElo "1878"]
[BlackElo "1633"]
[PlyCount "81"]
[EventDate "2016.01.30"]
[EventType "swiss"]
[EventRounds "11"]
[EventCountry "TUR"]
[SourceTitle "CBM 170 Extra"]
[Source "ChessBase"]
[SourceDate "2016.02.25"]
[SourceVersion "1"]
[SourceVersionDate "2016.02.25"]
[SourceQuality "1"]

1. d4 Nf6 2. c4 e6 3. Nf3 b6 4. a3 Bb7 5. Nc3 Be7 6. g3 0-0 7. Bg2 d5 8. cxd5 exd5 9. 0-0 c6 10. Bf4 Nbd7 11. Rc1 Rc8 12. Bh3 Ra8 13. Qc2 Re8 14. Qb3 Bf8 15. Rfe1 h6 16. Bf5 g6 17. Bb1 Kg7 18. e4 dxe4 19. Nxe4 Nd5 20. Ba2 Re6 21. Ne5 Nxe5 22. Bxe5+ Kh7 23. Qf3 f5 24. Bxd5 Rxe5 25. dxe5 cxd5 26. Nd6 Bxd6 27. exd6 Qxd6 28. Qf4 Qxf4 29. gxf4 Ba6 30. Re7+ Kg8 31. Rcc7 d4 32. Rxa7 Rxa7 33. Rxa7 Be2 34. Rd7 d3 35. f3 Kf8 36. Kf2 g5 37. fxg5 hxg5 38. Rd5 Kg7 39. Rxf5 Kg6 40. Rd5 b5 41. Ke3 1-0

[Event "Manavgat Turkey Cup"]
[Site "Manavgat"]
[Date "2015.02.03"]
[Round "6"]
[White "Bapoglu, Ibrahim"]
[Black "Kiremitciyan, Ari"]
[Result "0-1"]
[WhiteElo "1709"]
[BlackElo "1909"]
[PlyCount "84"]
[EventDate "2015.01.31"]
[EventType "swiss"]
[EventRounds "11"]
[EventCountry "TUR"]
[SourceTitle "CBM 164 Extra"]
[Source "ChessBase"]
[SourceDate "2015.03.02"]
[SourceVersion "1"]
[SourceVersionDate "2015.03.02"]
[SourceQuality "1"]

1. e4 c5 2. Nf3 Nc6 3. d4 cxd4 4. Nxd4 e5 5. Nb3 Nf6 6. Nc3 Bb4 7. f3 d5 8. exd5 Nxd5 9. Bd2 Nxc3 10. Bxc3 Bxc3+ 11. bxc3 0-0 12. Qxd8 Rxd8 13. Bd3 Ne7 14. 0-0-0 Be6 15. Kb2 Rac8 16. Rhe1 f6 17. Be4 b6 18. Rxd8+ Rxd8 19. Re2 Kf7 20. Rd2 Rxd2 21. Nxd2 f5 22. Bd3 Kf6 23. a4 g5 24. h3 h5 25. c4 h4 26. Kc3 Bd7 27. a5 bxa5 28. Nb3 Nc6 29. c5 a4 30. Nd2 Nd4 31. Kb4 Ne6 32. Nc4 Nf4 33. Bf1 Ke6 34. Ne3 Nd5+ 35. Nxd5 Kxd5 36. c3 a5+ 37. Ka3 Kxc5 38. Bd3 f4 39. Kb2 Bb5 40. Bc2 Bf1 41. Bf5 Bxg2 42. Bg4 e4 0-1

[Event "TUR-ch"]
[Site "Antalya"]
[Date "2013.02.08"]
[Round "10"]
[White "Onem, Cem"]
[Black "Bapoglu, Ibrahim"]
[Result "1-0"]
[WhiteElo "1949"]
[BlackElo "1793"]
[PlyCount "35"]
[EventDate "2013.02.02"]
[EventType "swiss"]
[EventRounds "11"]
[EventCountry "TUR"]
[SourceTitle "CBM 152 Extra"]
[Source "ChessBase"]
[SourceDate "2013.02.25"]
[SourceVersion "1"]
[SourceVersionDate "2013.02.25"]
[SourceQuality "1"]

1. e4 g6 2. d4 d6 3. Nc3 Bg7 4. Be3 Nf6 5. f3 0-0 6. Qd2 c6 7. 0-0-0 b6 8. Bh6 Ba6 9. Nge2 Nbd7 10. g4 c5 11. h4 Rc8 12. h5 cxd4 13. Nxd4 Bxf1 14. Rdxf1 Ne5 15. Bxg7 Kxg7 16. hxg6 Nxg6 17. Qh6+ Kg8 18. Nf5 1-0

[Event "Istanbul op-A 11th"]
[Site "Istanbul"]
[Date "2012.08.30"]
[Round "1"]
[White "Alaslar, Devrim"]
[Black "Bapoglu, Ibrahim"]
[Result "1-0"]
[WhiteElo "2151"]
[BlackElo "1793"]
[PlyCount "57"]
[EventDate "2012.08.30"]
[EventType "swiss"]
[EventRounds "9"]
[EventCountry "TUR"]
[SourceTitle "CBM 150 Extra"]
[Source "ChessBase"]
[SourceDate "2012.10.19"]
[SourceVersion "1"]
[SourceVersionDate "2012.10.19"]
[SourceQuality "1"]

1. e4 c5 2. Nc3 d6 3. f4 g6 4. Nf3 Bg7 5. d4 cxd4 6. Nxd4 Nc6 7. Nf3 Nf6 8. Bd3 0-0 9. 0-0 e6 10. Qe1 a6 11. Qh4 Nh5 12. Qf2 Nf6 13. h3 b5 14. Be3 Bb7 15. Rad1 Qc8 16. Qh4 Nb4 17. Bd4 Qd8 18. f5 exf5 19. exf5 Bxf3 20. Rxf3 Nxd3 21. Rdxd3 Rc8 22. a3 Rc4 23. Qf2 Qe7 24. fxg6 fxg6 25. Bxf6 Rxf6 26. Nd5 Qe5 27. Nxf6+ Bxf6 28. Rxf6 Qxb2 29. Rfxd6 1-0

[Event "TUR-ch"]
[Site "Kemer"]
[Date "2012.02.05"]
[Round "10"]
[White "Uce, Ersan"]
[Black "Bapoglu, Ibrahim"]
[Result "0-1"]
[WhiteElo "1480"]
[BlackElo "1813"]
[PlyCount "64"]
[EventDate "2012.01.29"]
[EventType "swiss"]
[EventRounds "10"]
[EventCountry "TUR"]
[SourceTitle "CBM 146 Extra"]
[Source "ChessBase"]
[SourceDate "2012.02.29"]
[SourceVersion "1"]
[SourceVersionDate "2012.02.29"]
[SourceQuality "1"]

1. e4 c5 2. Nf3 d6 3. d4 cxd4 4. Nxd4 Nf6 5. Nc3 a6 6. Bg5 e6 7. f4 Be7 8. Qf3 Qc7 9. Bd3 Nc6 10. Nb3 b5 11. 0-0-0 Bb7 12. Rhe1 Nb4 13. Kb1 Rc8 14. Rd2 0-0 15. g4 Nxd3 16. Qxd3 Rfd8 17. h3 b4 18. Nd1 a5 19. Bxf6 Bxf6 20. g5 Be7 21. h4 Bf8 22. h5 d5 23. e5 a4 24. Nd4 Qb6 25. b3 a3 26. g6 fxg6 27. hxg6 h6 28. f5 exf5 29. Qxf5 Rc7 30. Ne6 Bc8 31. Rxd5 Bxe6 32. Rd6 Rxd6 0-1

[Event "EU-chT Seniors"]
[Site "Thessaloniki"]
[Date "2011.05.06"]
[Round "4"]
[White "Pitzl, Konstantinos"]
[Black "Bapoglu, Ibrahim"]
[Result "1-0"]
[WhiteElo "2095"]
[BlackElo "1828"]
[PlyCount "105"]
[EventDate "2011.05.03"]
[EventType "team-swiss"]
[EventRounds "9"]
[EventCountry "GRE"]
[SourceTitle "CBM 142 Extra"]
[Source "ChessBase"]
[SourceDate "2011.06.27"]
[SourceVersion "1"]
[SourceVersionDate "2011.06.27"]
[SourceQuality "1"]
[WhiteTeam "Steiermark"]
[BlackTeam "Turkey"]
[WhiteTeamCountry "AUT"]
[BlackTeamCountry "TUR"]

1. Nf3 Nf6 2. g3 g6 3. Bg2 Bg7 4. d3 0-0 5. e4 d6 6. h3 Nc6 7. c3 Bd7 8. 0-0 e5 9. Be3 Qc8 10. Kh2 Nh5 11. Nh4 Rb8 12. b4 a6 13. Nd2 Ne7 14. a4 f5 15. Bg5 Bf6 16. Bxf6 Rxf6 17. exf5 Nxf5 18. Nxf5 Bxf5 19. g4 Nf4 20. gxf5 Nxg2 21. Kxg2 Qxf5 22. Ne4 Rf7 23. Qg4 Rbf8 24. c4 h5 25. Qxf5 gxf5 26. Ng5 Rf6 27. h4 e4 28. dxe4 fxe4 29. Rae1 e3 30. Rxe3 Rf4 31. Ne6 Rxc4 32. Rg3+ Kf7 33. Nxf8 Kxf8 34. f4 Rxb4 35. Rg5 Rxa4 36. Rxh5 Rc4 37. Rg5 b5 38. h5 Re4 39. h6 Re7 40. Rh1 Rh7 41. Kf3 Kf7 42. f5 Kf6 43. Kf4 a5 44. Rg6+ Kf7 45. Kg5 a4 46. f6 Ke6 47. Rg7 Rh8 48. h7 a3 49. Rg8 Rxh7 50. Rxh7 b4 51. f7 a2 52. Ra8 b3 53. f8Q 1-0

[Event "EU-chT Seniors"]
[Site "Thessaloniki"]
[Date "2011.05.03"]
[Round "1"]
[White "Armbruester, Juergen"]
[Black "Bapoglu, Ibrahim"]
[Result "0-1"]
[WhiteElo "1600"]
[BlackElo "1828"]
[PlyCount "90"]
[EventDate "2011.05.03"]
[EventType "team-swiss"]
[EventRounds "9"]
[EventCountry "GRE"]
[SourceTitle "CBM 142 Extra"]
[Source "ChessBase"]
[SourceDate "2011.06.27"]
[SourceVersion "1"]
[SourceVersionDate "2011.06.27"]
[SourceQuality "1"]
[WhiteTeam "Katernberg"]
[BlackTeam "Turkey"]
[WhiteTeamCountry "GER"]
[BlackTeamCountry "TUR"]

1. e4 c5 2. Nf3 d6 3. d4 cxd4 4. Nxd4 Nf6 5. Nc3 a6 6. Be2 e5 7. Nb3 Be6 8. 0-0 Be7 9. f4 Qc7 10. f5 Bc4 11. Bg5 Nbd7 12. Kh1 Rc8 13. Nd2 Bxe2 14. Qxe2 b5 15. a3 0-0 16. Rac1 Nb6 17. Ncb1 h6 18. Bh4 Nc4 19. b3 Nxd2 20. Nxd2 Qc3 21. Nf3 Rc7 22. Rfd1 Rd8 23. Be1 Qc6 24. Ba5 Nxe4 25. c4 Rdc8 26. Bxc7 Rxc7 27. Rc2 Nf6 28. Rdc1 Qd7 29. cxb5 Rxc2 30. Qxc2 Qxb5 31. Qc4 Qa5 32. a4 e4 33. Nd4 Qd2 34. Qc3 Qf4 35. Re1 d5 36. Qc1 Qh4 37. g3 Qh5 38. Kg2 Ng4 39. h3 Ne5 40. Qd1 Qg5 41. h4 Qf6 42. Rf1 Bc5 43. Ne2 Nd3 44. Nf4 Qb2+ 45. Qe2 Nxf4+ 0-1

[Event "TUR-ch"]
[Site "Kemer"]
[Date "2011.02.11"]
[Round "8"]
[White "Bapoglu, Ibrahim"]
[Black "Turek, Ismet"]
[Result "1-0"]
[WhiteElo "1900"]
[BlackElo "1644"]
[PlyCount "161"]
[EventDate "2011.02.05"]
[EventType "swiss"]
[EventRounds "10"]
[EventCountry "TUR"]
[SourceTitle "CBM 140 Extra"]
[Source "ChessBase"]
[SourceDate "2011.03.01"]
[SourceVersion "1"]
[SourceVersionDate "2011.03.01"]
[SourceQuality "1"]

1. e4 c5 2. Nf3 Nc6 3. d4 cxd4 4. Nxd4 g6 5. Nc3 Bg7 6. Be3 Nf6 7. Qd2 0-0 8. f3 d5 9. Nxc6 bxc6 10. exd5 Nxd5 11. Nxd5 cxd5 12. Rb1 e5 13. Bd3 e4 14. fxe4 dxe4 15. Be2 Qc7 16. 0-0 Rd8 17. Qc1 Be6 18. c4 Rac8 19. b3 Be5 20. Bf4 Bd4+ 21. Kh1 Qb6 22. Rd1 Bf5 23. Qc2 Re8 24. Rxd4 Qxd4 25. Rd1 Qf6 26. Qc1 e3 27. Rd6 Qg7 28. Kg1 h6 29. h3 Re7 30. Qd1 Rce8 31. c5 Qc3 32. Qd4 Qxd4 33. Rxd4 Rc8 34. b4 Kh7 35. Kf1 Re4 36. Rxe4 Bxe4 37. Bxe3 g5 38. Kf2 Kg6 39. a4 a5 40. bxa5 Bc2 41. Bb5 Ra8 42. a6 Kf6 43. c6 Ke6 44. a7 Be4 45. Bb6 Kd6 46. c7 Bb7 47. a5 f5 48. Be2 Ke5 49. g3 Ke6 50. g4 f4 51. Bd3 Ke5 52. Ke2 Kd5 53. Kd2 Ke5 54. Kc3 f3 55. Kb4 Kd5 56. Bc4+ Kd6 57. Bb5 Bc8 58. Kc3 Bb7 59. Kd2 Bd5 60. Ke3 Bb7 61. Ba4 Rf8 62. Kf2 Ra8 63. Bd1 Ke5 64. Kg3 Kd6 65. Bxf3 Bxf3 66. Kxf3 Kd5 67. Kg3 Ke5 68. h4 Ke4 69. hxg5 hxg5 70. Bc5 Kd5 71. Bb6 Ke4 72. Bg1 Rc8 73. Bh2 Ke3 74. Kg2 Ke2 75. Bd6 Ke3 76. Kg3 Ke4 77. Be7 Kd5 78. Bxg5 Kc6 79. Bd8 Kd6 80. g5 Kd7 81. Kg4 1-0

[Event "TUR-ch"]
[Site "Kemer"]
[Date "2011.02.06"]
[Round "2"]
[White "Bapoglu, Ibrahim"]
[Black "Kirali, Mehmet"]
[Result "0-1"]
[WhiteElo "1900"]
[BlackElo "2046"]
[PlyCount "142"]
[EventDate "2011.02.05"]
[EventType "swiss"]
[EventRounds "10"]
[EventCountry "TUR"]
[SourceTitle "CBM 140 Extra"]
[Source "ChessBase"]
[SourceDate "2011.03.01"]
[SourceVersion "1"]
[SourceVersionDate "2011.03.01"]
[SourceQuality "1"]

1. e4 e5 2. Nf3 Nc6 3. c3 Nf6 4. d3 d5 5. exd5 Qxd5 6. Be2 Bf5 7. 0-0 0-0-0 8. Ne1 h5 9. Be3 h4 10. Qb3 Qd7 11. Na3 h3 12. g3 Nd5 13. Nac2 Be6 14. Qa4 Kb8 15. Bf3 Be7 16. a3 Nb6 17. Bxb6 cxb6 18. Ne3 f6 19. Rd1 Nd4 20. Qxd7 Nxf3+ 21. Nxf3 Rxd7 22. d4 e4 23. Nd2 f5 24. f3 exf3 25. Rxf3 g6 26. Re1 b5 27. Rf2 Bd6 28. Rfe2 Bf7 29. Nf3 Re7 30. Ng5 Bb3 31. Nf1 Rxe2 32. Rxe2 Kc8 33. Nd2 Bd5 34. Ndf3 Rh5 35. Kf2 Bc4 36. Re1 Kd7 37. Rg1 Ke7 38. g4 Rh8 39. gxf5 gxf5 40. Ne5 Bxe5 41. dxe5 Rd8 42. Nf3 Rd3 43. Rg3 Rd1 44. Rxh3 f4 45. Rh7+ Ke6 46. Rh6+ Kf5 47. Rd6 Rf1+ 48. Kg2 Rc1 49. Rd2 Ke4 50. Rd4+ Ke3 51. Rxc4 Rc2+ 52. Kh3 bxc4 53. Nd4 Rxb2 54. e6 Rb6 55. e7 Rh6+ 56. Kg4 Rh8 57. Nf5+ Kd3 58. Kxf4 Kxc3 59. Nd6 Kb3 60. Ke5 c3 61. Nb5 c2 62. Nd4+ Kb2 63. Nxc2 Kxc2 64. Kd6 Kb3 65. Kd7 b5 66. h4 Kxa3 67. h5 b4 68. h6 b3 69. e8Q Rxe8 70. Kxe8 b2 71. h7 b1Q 0-1

[Event "EU-chT Seniors 11th"]
[Site "Velden"]
[Date "2009.04.11"]
[Round "7"]
[White "Laco, Giuseppe"]
[Black "Bapoglu, Ibrahim"]
[Result "1-0"]
[WhiteElo "2133"]
[BlackElo "1930"]
[PlyCount "103"]
[EventDate "2009.04.05"]
[EventType "team-swiss"]
[EventRounds "9"]
[EventCountry "AUT"]
[SourceTitle "CBM 129 Extra"]
[Source "ChessBase"]
[SourceDate "2009.05.05"]
[SourceVersion "2"]
[SourceVersionDate "2009.05.20"]
[SourceQuality "1"]

1. c4 Nf6 2. Nc3 e6 3. e4 d6 4. d4 c6 5. Be3 Be7 6. f3 b6 7. Qd2 0-0 8. Bd3 Nbd7 9. Nge2 Bb7 10. Bc2 e5 11. d5 cxd5 12. exd5 Re8 13. b3 Nc5 14. b4 Na6 15. a3 Rc8 16. Bd3 Bf8 17. g4 e4 18. Nxe4 Nxe4 19. Bxe4 Rxe4 20. fxe4 Rxc4 21. Qd3 Rc7 22. g5 Re7 23. h4 Nc7 24. Nc3 Qe8 25. 0-0-0 Ba6 26. Qd2 Nb5 27. Kb2 Nxc3 28. Qxc3 Rxe4 29. Rhe1 Rc4 30. Bd4 Qb5 31. Qf3 Bb7 32. Bc3 a5 33. Rf1 Rc7 34. h5 a4 35. Rd4 Re7 36. g6 f6 37. gxh7+ Kh8 38. Rf2 Re5 39. Rfd2 Qe8 40. Rh4 Re3 41. Qf4 Qe7 42. h6 Re2 43. hxg7+ Bxg7 44. Rh2 Re4 45. Qf3 Re3 46. Rde2 Re5 47. Bxe5 dxe5 48. Qf5 Bxd5 49. Qc8+ Bf8 50. Rd2 Be6 51. Qb8 Bd7 52. Rxd7 1-0

[Event "EU-chT Seniors 11th"]
[Site "Velden"]
[Date "2009.04.10"]
[Round "6"]
[White "Bapoglu, Ibrahim"]
[Black "Peleikis, Horst"]
[Result "1/2-1/2"]
[WhiteElo "1930"]
[BlackElo "2073"]
[PlyCount "164"]
[EventDate "2009.04.05"]
[EventType "team-swiss"]
[EventRounds "9"]
[EventCountry "AUT"]
[SourceTitle "CBM 129 Extra"]
[Source "ChessBase"]
[SourceDate "2009.05.05"]
[SourceVersion "2"]
[SourceVersionDate "2009.05.20"]
[SourceQuality "1"]

1. e4 c5 2. Nf3 d6 3. d4 cxd4 4. Nxd4 Nf6 5. Nc3 g6 6. Be3 Bg7 7. f3 0-0 8. Qd2 Nc6 9. 0-0-0 Be6 10. Kb1 d5 11. Nxe6 fxe6 12. exd5 exd5 13. Nxd5 e6 14. Nc3 Qc8 15. Bc4 Na5 16. Bb3 Nxb3 17. axb3 a6 18. Bh6 b5 19. Bxg7 Kxg7 20. Qd4 Kf7 21. Ne4 Nxe4 22. fxe4 Kg8 23. Rhf1 Qc6 24. Rxf8+ Rxf8 25. b4 Rc8 26. c3 Qc4 27. Qxc4 Rxc4 28. Re1 e5 29. Kc2 Kf7 30. Kd3 Rc8 31. Ke3 Rd8 32. g4 h6 33. h4 Ke6 34. Rf1 Ke7 35. b3 Rc8 36. Kd2 Rc6 37. Rf3 Rd6+ 38. Kc2 Rc6 39. h5 Rd6 40. Rf1 Rc6 41. Kd3 Rd6+ 42. Ke3 Rc6 43. Rc1 Kf6 44. hxg6 Kxg6 45. c4 Kg5 46. c5 Kxg4 47. Rg1+ Kh4 48. Kd3 h5 49. Rg2 Re6 50. Rc2 Kg3 51. c6 Re8 52. c7 Rc8 53. Rc5 Kf3 54. Rc6 h4 55. Rf6+ Kg3 56. Rf7 h3 57. Ke3 h2 58. Rg7+ Kh3 59. Rh7+ Kg2 60. Rg7+ Kf1 61. Rf7+ Kg2 62. Rg7+ Kh3 63. Rh7+ Kg3 64. Rg7+ Kh4 65. Rh7+ Kg5 66. Rxh2 Rxc7 67. Kd3 Rd7+ 68. Ke3 Rd4 69. Rf2 Rxb4 70. Rf5+ Kg4 71. Rxe5 Rxb3+ 72. Kd4 a5 73. Re8 a4 74. Rg8+ Kf4 75. Rf8+ Kg5 76. e5 a3 77. Rf1 a2 78. Ra1 Ra3 79. Kc5 Kf5 80. Kxb5 Kxe5 81. Kb4 Ra8 82. Kb3 Kd4 1/2-1/2